Open Data Biblioteca Nacional de Portugal


República Portuguesa: Ministério da Cultura
Biblioteca Nacional de Portugal

Catálogo da BNP: acesso por Identificadores Unívocos
Registos Bibliográficos associados ao registo de autoridade

Etiqueta de registo: 00254nam 2200025 450
001 2280312
003 http://id.bnportugal.gov.pt/bib/catbnp/2280312
100 ## $a20260316d2025 k y0pory01030103ba
101 0# $apor$deng
102 ## $aPT
105 ## $aa m 000yy
106 ## $ar
200 1# $a O ofício do professor na era digital$e a ( re)construção do conhecimento profissional dos docentes$fAna Paula Pinto Carvalho$gorient. Maria Teresa Pessôa
210 #9 $aCoimbra$c[s.n.],$d2025
215 ## $aXXIII, 644 p.$cil.$d29 cm
328 #1 $aTese dout. Ciências da Educação (Organização do Ensino, Aprendizagem e Formação de Professores), Faculdade de Psicologia e de Ciências da Educação da Universidade de Coimbra, 2025
675 ## $a37.091.32(469)(043)$vBN$zpor$31996133
675 ## $a37.091.64(469)(043)$vBN$zpor$31996112
675 ## $a004.7(469)(043)$vBN$zpor$3977540
700 #1 $aCarvalho,$bAna Paula Pinto$31991411
702 #1 $aPessoa,$bMaria Teresa Ribeiro$4727$31611844
801 #0 $aPT$bBN$gRPC
966 ## $lBN$mFGMON$sS.C. 168984 V.
971 ## $cisantos$d20260316
972 ## $e0$z0$d20260423$vlrevez
973 ## $caalmeid$d20260417

OpendataBNP@bnportugal.pt | Mais informação sobre acesso aos dados BNP